Welcome to WEB OPAC of MRSPTU Central Library

Matlab for Control System Engineers (Record no. 6610)

MARC details
000 -LEADER
fixed length control field 00441nam a2200169Ia 4500
008 - FIXED-LENGTH DATA ELEMENTS--GENERAL INFORMATION
fixed length control field 230711s9999||||xx |||||||||||||| ||und||
020 ## - INTERNATIONAL STANDARD BOOK NUMBER
International Standard Book Number 978-81-224-3230-5
041 ## - LANGUAGE CODE
Language code of text/sound track or separate title ENG
082 ## - DEWEY DECIMAL CLASSIFICATION NUMBER
Classification number 5.1
Item number DU-M
100 ## - MAIN ENTRY--PERSONAL NAME
Personal name Dukkipati,Rao V
245 #0 - TITLE STATEMENT
Title Matlab for Control System Engineers
250 ## - EDITION STATEMENT
Edition statement 1st Ed.
260 ## - PUBLICATION, DISTRIBUTION, ETC.
Date of publication, distribution, etc. 2015
Place of publication, distribution, etc. New Delhi
Name of publisher, distributor, etc. New Age International Publishers
300 ## - PHYSICAL DESCRIPTION
Extent 577p.
650 ## - SUBJECT ADDED ENTRY--TOPICAL TERM
Topical term or geographic name entry element Electronics Engineering
942 ## - ADDED ENTRY ELEMENTS (KOHA)
Koha item type Book
Holdings
Withdrawn status Lost status Damaged status Not for loan Collection Home library Current library Date acquired Source of acquisition Cost, normal purchase price Inventory number Total checkouts Full call number Barcode Date last seen Price effective from Koha item type
          MRSPTU Central Library MRSPTU Central Library 08/04/2043 Krishna Book Distributors 795.00 KBD/2017-2018/1019043059   5.1 DU-M 39256 08/17/2023 08/17/2023 Book
          MRSPTU Central Library MRSPTU Central Library 08/04/2043 Krishna Book Distributors 795.00 KBD/2017-2018/1019043059   5.1 DU-M 39257 08/17/2023 08/17/2023 Book
          MRSPTU Central Library MRSPTU Central Library 08/04/2043 Krishna Book Distributors 795.00 KBD/2017-2018/1019043059   5.1 DU-M 39258 08/17/2023 08/17/2023 Book
          MRSPTU Central Library MRSPTU Central Library 08/04/2043 Krishna Book Distributors 795.00 KBD/2017-2018/1019043059   5.1 DU-M 39259 08/17/2023 08/17/2023 Book
          MRSPTU Central Library MRSPTU Central Library 08/04/2043 Krishna Book Distributors 795.00 KBD/2017-2018/1019043059   5.1 DU-M 39260 08/17/2023 08/17/2023 Book

Website Designed and Developed by MRSPTU Central Library Team

E-mail Id: librarian@mrsptu.ac.in